| 000 | 01238cam a2200349 i 4500 | ||
|---|---|---|---|
| 001 | 51025 | ||
| 003 | Mx-PuUPA | ||
| 005 | 20250618110003.0 | ||
| 008 | 140415s1994 xxka gr 000 f eng d | ||
| 020 | _a9781853260285 | ||
| 040 |
_aMx-PuUPA _bspa _cMx-PuUPA _dMx-PuUPA _erda |
||
| 041 | 0 | _aeng | |
| 043 | _ae-uk-en | ||
| 100 | 1 |
_aAusten, Jane, _d1775-1817 _99320 _eautor |
|
| 245 | 1 | 0 |
_aEmma / _cJane Austen ; introduction and notes by Nicola Bradbury ; illustrations by Hugh Thomson |
| 250 | _aFirst published | ||
| 264 | 1 |
_aHertfordshire : _bWordsworth Classics, _c1994 |
|
| 300 |
_axviii, 393 páginas : _bilustraciones ; _c20 cm. |
||
| 336 |
_2rdacontent _atexto _btxt |
||
| 337 |
_2rdamedia _asin medio _bn |
||
| 338 |
_2rdacarrier _avolumen _bnc |
||
| 490 | 0 | _aThe complete novels of Jane Austen | |
| 650 | 7 |
_2armarc _aMujeres jóvenes _xNovela |
|
| 650 | 7 |
_2armarc _aAmistad femenina _xNovela |
|
| 650 | 7 |
_2armarc _aPadres e hijas _xNovela |
|
| 651 | 4 |
_aInglaterra _xVida social y costrumbres _ySiglo XIX _xNovela |
|
| 700 | 1 |
_aBradbury, Nicola, _eautor de introducción y notas |
|
| 700 | 1 |
_aThomson, Hugh, _eilustrador |
|
| 942 |
_2ddc _cLI _h823.7 _iA323 |
||
| 999 |
_c51025 _d51025 |
||